Úloha sociálneho kapitálu v integrácii imigrantov do socioekonomického a sociokultúrneho priestoru hostiteľskej krajiny

Existencia rozdielov v rámci jednotlivých foriem sociálneho kapitálu založených na porovnaní krajín ako aj medzi skupinami obyvateľstva vybraných štátov. Priestorové rozloženie väzbového, premosťujúceho a spájajúceho sociálneho kapitálu v danej spoločnosti, a identifikácia indikátorov formovania a u...

Celý popis

Uložené v:
Podrobná bibliografia
Hlavný autor: Galanská, Nina
Ďalší autori: Krkošková, Zuzana
Médium: Kapitola
Jazyk:Slovak
Predmet:
Tagy: Pridať tag
Žiadne tagy, Buďte prvý, kto otaguje tento záznam!

MARC

LEADER 00000nla a2200000 4500
001 0213788
005 20240502073553.2
041 0 |a slo 
044 |a SK 
245 1 0 |a Úloha sociálneho kapitálu v integrácii imigrantov do socioekonomického a sociokultúrneho priestoru hostiteľskej krajiny  |c Nina Galanská, Zuzana Krkošková 
520 |a Existencia rozdielov v rámci jednotlivých foriem sociálneho kapitálu založených na porovnaní krajín ako aj medzi skupinami obyvateľstva vybraných štátov. Priestorové rozloženie väzbového, premosťujúceho a spájajúceho sociálneho kapitálu v danej spoločnosti, a identifikácia indikátorov formovania a upevňovania väzieb/sietí jednotlivých foriem sociálneho kapitálu. 
610 2 0 |a politika sociálna 
610 2 0 |a integrácia 
610 2 0 |a utečenci 
610 2 0 |a kapitál sociálny 
100 1 |a Galanská, Nina 
700 1 |a Krkošková, Zuzana